Largest City in Every Minnesota County - Statistics

General Stats
  • This quiz has been taken 16 times
  • The average score is 37 of 87
Answer Stats
County City % Correct
Hennepin Minneapolis
100%
Ramsey Saint Paul
100%
Saint Louis Duluth
91%
Aitkin Aitkin
82%
Blue Earth Mankato
82%
Olmsted Rochester
82%
Winona Winona
82%
Beltrami Bemidji
73%
Lyon Marshall
73%
Stearns St. Cloud
73%
Mower Austin
64%
Koochiching International Falls
64%
Waseca Waseca
64%
Kandiyohi Willmar
64%
Washington Woodbury
64%
Freeborn Albert Lea
55%
Douglas Alexandria
55%
Crow Wing Brainerd
55%
Rice Faribault
55%
Yellow Medicine Granite Falls
55%
McLeod Hutchinson
55%
Jackson Jackson
55%
Dakota Lakeville
55%
Le Sueur Le Sueur
55%
Clay Moorhead
55%
Brown New Ulm
55%
Pipestone Pipestone
55%
Roseau Roseau
55%
Wadena Wadena
55%
Anoka Blaine
45%
Becker Detroit Lakes
45%
Polk East Grand Forks
45%
Martin Fairmont
45%
Cook Grand Marais
45%
Itasca Grand Rapids
45%
Meeker Litchfield
45%
Nicollet North Mankato
45%
Steele Owatonna
45%
Redwood Redwood Falls
45%
Scott Shakopee
45%
Pennington Thief River Falls
45%
Lake Two Harbors
45%
Lake of the Woods Baudette
36%
Faribault Blue Earth
36%
Isanti Cambridge
36%
Carver Chaska
36%
Carlton Cloquet
36%
Sherburne Elk River
36%
Otter Tail Fergus Falls
36%
Sibley Gaylord
36%
Kittson Hallock
36%
Morrison Little Falls
36%
Mahnomen Mahnomen
36%
Chippewa Montevideo
36%
Stevens Morris
36%
Renville Olivia
36%
Goodhue Red Wing
36%
Nobles Worthington
36%
Clearwater Bagley
27%
Swift Benson
27%
Wilkin Breckenridge
27%
Grant Elbow Lake
27%
Pope Glenwood
27%
Dodge Kasson
27%
Houston La Crescent
27%
Todd Long Prairie
27%
Rock Luverne
27%
Kanabec Mora
27%
Chisago North Branch
27%
Big Stone Ortonville
27%
Hubbard Park Rapids
27%
Pine Pine City
27%
Red Lake Red Lake Falls
27%
Murray Slayton
27%
Watonwan St. James
27%
Cottonwood Windom
27%
Norman Ada
18%
Wabasha Lake City
18%
Wright Otsego
18%
Mille Lacs Princeton
18%
Benton Sauk Rapids
18%
Fillmore Spring Valley
18%
Marshall Warren
18%
Traverse Wheaton
18%
Lac qui Parle Dawson
9%
Lincoln Tyler
9%
Cass Lake Shore
0%
No matching quizzes found
Score Distribution
Percent of People with Each Score
Percentile by Number Answered
Your Score History
You have not taken this quiz